[Event "Steinfurt Bezirksliga 0405"]
[Site "Germany"]
[Date "2005.02.05"]
[Round "6.8"]
[White "Schilke, Hardy"]
[Black "Kumpmann, Ulrich"]
[Result "1/2-1/2"]
[WhiteElo "1343"]
[BlackElo "1531"]
[PlyCount "80"]
[EventDate "2004.09.25"]
[EventType "team-tourn"]
[EventRounds "11"]
[EventCountry "GER"]
[SourceTitle "EXT 2006"]
[Source "ChessBase"]
[SourceDate "2005.11.24"]
[SourceVersion "1"]
[SourceVersionDate "2005.11.24"]
[SourceQuality "1"]
[WhiteTeam "Rheine Klein Berlin II"]
[BlackTeam "Nordwalde II"]
[WhiteTeamCountry "GER"]
[BlackTeamCountry "GER"]

1. e4 e5 2. Nf3 Nc6 3. d4 d6 4. Bc4 Bg4 5. h3 Bh5 6. g4 Bg6 7. d5 Nd4 8. Qd3 Nxf3+ 9. Qxf3 Nf6 10. Bb5+ Nd7 11. Nc3 a6 12. Bd3 Nc5 13. h4 h6 14. Be2 Be7 15. g5 h5 16. Be3 Qd7 17. Bf1 Qd8 18. Bg2 Qd7 19. Bh3 Qd8 20. Bf5 Bxf5 21. Qxf5 g6 22. Qh3 Qd7 23. Qxd7+ Nxd7 24. f4 exf4 25. Bxf4 0-0-0 26. 0-0-0 f6 27. gxf6 Bxf6 28. Rdg1 Rhg8 29. Ne2 Rde8 30. Ng3 Be5 31. Bxe5 Nxe5 32. Rf1 Ref8 33. Ne2 Kd7 34. Nd4 Ng4 35. Ne6 Rf2 36. Rxf2 Nxf2 37. Rf1 Nxe4 38. Rf7+ Kc8 39. Rxc7+ Kb8 40. Re7 g5 1/2-1/2

[Event "Steinfurt Bezirksliga 0203"]
[Site "Germany"]
[Date "2002.09.14"]
[Round "1.8"]
[White "Janzen, Andreas"]
[Black "Schilke, Hardy"]
[Result "1/2-1/2"]
[WhiteElo "1678"]
[BlackElo "1326"]
[PlyCount "93"]
[EventDate "2002.09.14"]
[EventType "team-tourn"]
[EventRounds "9"]
[EventCountry "GER"]
[SourceTitle "EXT 2004"]
[Source "ChessBase"]
[SourceDate "2003.11.25"]
[SourceVersion "1"]
[SourceVersionDate "2003.11.25"]
[SourceQuality "1"]
[WhiteTeam "Emsdetten Rochade II"]
[BlackTeam "Mesum"]
[WhiteTeamCountry "GER"]
[BlackTeamCountry "GER"]

1. d4 Nf6 2. c4 e6 3. Nc3 d6 4. e4 Be7 5. Nf3 0-0 6. Bd3 Nbd7 7. 0-0 h6 8. h3 c6 9. e5 Ne8 10. Qe2 d5 11. cxd5 cxd5 12. Bf4 Nb6 13. Rac1 f5 14. exf6 Nxf6 15. Ne5 Ne4 16. Ng6 Rxf4 17. Nxf4 Bg5 18. Nxe4 Bxf4 19. Nd2 Qg5 20. Nf3 Qf6 21. Rc2 Bd7 22. Re1 Re8 23. Ne5 Bxe5 24. Qxe5 Qxe5 25. Rxe5 a6 26. Rc7 Rb8 27. b3 Kf7 28. g4 Kf6 29. a4 Bc6 30. h4 Nd7 31. g5+ Ke7 32. gxh6 gxh6 33. Re3 Kd6 34. Rxd7+ Kxd7 35. Be2 Rg8+ 36. Kf1 b5 37. a5 Rf8 38. Rg3 Rf4 39. Rg4 Rxg4 40. Bxg4 Kd6 41. Ke2 Ke7 42. Ke3 Kf6 43. Kf4 Bd7 44. Be2 Bc8 45. Bh5 Bd7 46. b4 Bc6 47. Be2 1/2-1/2